000 00375nam a2200145Ia 4500
008 231129s2000||||xx |||||||||||||| ||spa||
020 _a958-8052-26-1
040 _bspa
082 _a770.9861 M963v
100 _aMunera Jorge Mario
245 0 _aVista suelta
260 _c2000
264 _aMinisterio de Cultura
942 _2ddc
_cBKS
999 _c26364
_d26364